Lettres a la N.R.F. : 1931-1961
Αποθηκεύτηκε σε:
| Κύριος συγγραφέας: | |
|---|---|
| Μορφή: | Βιβλίο |
| Γλώσσα: | French |
| Δημοσίευση: |
Paris :
Gallimard,
1991
|
| Θέματα: | |
| Ετικέτες: |
Προσθήκη ετικέτας
Δεν υπάρχουν, Καταχωρήστε ετικέτα πρώτοι!
|
MARC
| LEADER | 00000nam a2200000 i 4500 | ||
|---|---|---|---|
| 001 | 1/83496 | ||
| 008 | 990603s1991 fre d | ||
| 020 | |a 2-07-072139-6 | ||
| 035 | |l 10051362 | ||
| 040 | |a GR-MY-UA |b gre |e aacr | ||
| 041 | 0 | |a fre | |
| 082 | 0 | |a 843.912 | |
| 100 | 1 | |a Celine, Louis-Ferdinand |d 1894-1961. | |
| 245 | 1 | 0 | |a Lettres a la N.R.F. : |b 1931-1961 / |c Louis-Ferdinand Celine ; edition etablie, presentee et annotee par Pascal Fouche |
| 260 | |a Paris : |b Gallimard, |c 1991 | ||
| 300 | |a 617 p. | ||
| 600 | 1 | 0 | |a Celine Louis-Ferdinand |d 1894-1961 |x Correspondence. |
| 650 | 0 | 0 | |a Authors, French |y 20th century |x Correspondence. |
| 852 | |a INST |b RHODES |e 19990603 |h 843.912 CEL |p 005400009790 |q 005400009790 |t BK |y 0 | ||
| 901 | |a BIBL4-1999-2 | ||
| 909 | |a Ρ |b 026283 |c 1993 | ||
| 922 | |a 4ΕΛΗ |b 199303 |c ΞΑΝΘΑΚΗ | ||